British Isles Shopping Centre Review (Record no. 2016)
[ view plain ]
| 000 -LEADER | |
|---|---|
| fixed length control field | 00915cab a2200193 4500 |
| 001 - CONTROL NUMBER | |
| control field | ABS37258 |
| 008 - FIXED-LENGTH DATA ELEMENTS--GENERAL INFORMATION | |
| fixed length control field | 090401t1986 xxu||||| |||| 00| 0 eng d |
| 035 ## - SYSTEM CONTROL NUMBER | |
| System control number | (Sirsi) u3302 |
| 041 ## - LANGUAGE CODE | |
| Language code of text/sound track or separate title | eng |
| 100 ## - MAIN ENTRY--PERSONAL NAME | |
| Personal name | Smith, D. |
| 245 ## - TITLE STATEMENT | |
| Title | British Isles Shopping Centre Review |
| 260 ## - PUBLICATION, DISTRIBUTION, ETC. | |
| Date of publication, distribution, etc. | 1986 |
| 350 ## - PRICE (NR) (BK AM CF MU VM SE) [OBSOLETE] | |
| Price | 0 |
| 490 ## - SERIES STATEMENT | |
| Series statement | Shopping Centre Horizons |
| Volume/sequential designation | (7) Autumn 1986,11-14 (4) |
| 520 ## - SUMMARY, ETC. | |
| Summary, etc. | A paper presented at the ICSC European Conference in the Hague,April 1986,outlining trends in the British shopping centre market. Includes an examination of the location decisions of shopping centre developers, design qualities, mix of retailers in a centre, range of services and facilities offered and quality of property management . Illustrated by shopping centres opened in the last 12 months in the United Kingdom and Republic of Ireland . |
| 690 ## - LOCAL SUBJECT ADDED ENTRY--TOPICAL TERM (OCLC, RLIN) | |
| Topical term or geographic name as entry element | PROPERTY-COMMERCIAL PROPERTY |
| 942 ## - ADDED ENTRY ELEMENTS (KOHA) | |
| Suppress in OPAC | 0 |
| 948 ## - LOCAL PROCESSING INFORMATION (OCLC); SERIES PART DESIGNATOR (RLIN) | |
| c (OCLC) | 04/03/1997 |
| Withdrawn status | Lost status | Source of classification or shelving scheme | Damaged status | Not for loan | Home library | Current library | Shelving location | Date acquired | Total Checkouts | Full call number | Barcode | Date last seen | Copy number | Price effective from | Koha item type |
|---|---|---|---|---|---|---|---|---|---|---|---|---|---|---|---|
| Dewey Decimal Classification | London | London | Journal article | 14/09/1999 | ABS37258 | 3302-1001 | 06/08/2019 | 1 | 06/08/2019 | Journal article |